Регионална библиотека "Любен Каравелов" - Русе

Съчинение описание (Запис номер 96631)

MARC детайли
000 -Лидер
Контролно поле с фиксирана дължина 02412nam a2200433 c 4500
003 - Код на организацията, давaща контролен номер
Контролно поле BLK
005 - Дата и час на последна редакция
Контролно поле 20240731163026.0
008 - Елементи от данни с фиксирана дължина
fixed length control field 180409b bul|||||r ||||||| ||bul||
010 ## - Наследен системен номер
LC control number KNG00101531000
020 ## - Международен стандартен номер на книга ISBN
Международен стандартен номер на книга ISBN 978-954-01-2485-8
-- издат.: Просвета
040 ## - Източник на каталожния запис
Идентификатор на билиотеката - собственик на записа BLK
041 ## - Код за език
Код за езика на текст/звукозапис или на отделно заглавие Български
Код за езика КДБФ Български
072 #7 - Код за тематичната категория
Код организация bullib
Код за тематична категория Н372
Текст Учебни предмети. Учебници Н
080 ## - УДК
Текстов определител УДК Български език в основното училище. Методика на обучението
УДК код - определител по УДК 373.3.016:811.163.2
УДК определител (072)
УДК - код + определител 373.3.016:811.163.2(072)
080 ## - УДК
Текстов определител УДК Литературна дейност. Редактиране. Култура на речта. Стилистика. Литературна техника
УДК код - определител по УДК 808
УДК определител (072)
УДК - код + определител 808(072)
100 1# - Редна дума - Автор
Автор Вълкова, Станка Костадинова
Авторска отговорност първи автор
R(LIN) 370371
139 ## - Редно поле
Редна дума Вълкова-Чурлина, Станка Костадинова
Авторски знак Вълк - В 93
245 10 - Сведения за заглавието
Заглавие Съчинение описание
Подзаглавни данни Техника за писане и технологии за обучение на учениците в часовете по бълг. език и лит.
Редно поле (дума) Станка Костадинова Вълкова; * Станка Костадинова Вълкова-Чурлина; съавт. Бонка Димитрова Василева.
257 ## - Страна на издаване
Страна на създаване/издаване България
260 ## - Област на издателските данни
-- София
Име на издателя, разпространителя и проч. Просвета
Година на издаване 2010
Печатница София : ПК Д. Благоев
300 ## - Физическа характеристика
Страници 63 с.
Размери/Мащаб 24 см
380 ## - Жанр
Жанр Обществени науки
500 ## - Общи забележки
Забележка Пълното име на авт. е Станка Костадинова Вълкова-Чурлина. - Библиогр. с. 62.
650 #4 - Допълнително описание по предмет – тема
Основно описание – тема или топоним Български език - методика на преподаването
9 (RLIN) 262798
650 #4 - Допълнително описание по предмет – тема
Основно описание – тема или топоним Съчинение и преразказ
9 (RLIN) 262069
653 ## - Ключова дума – ненормативна
Ключова дума български език
653 ## - Ключова дума – ненормативна
Ключова дума съчинение
653 ## - Ключова дума – ненормативна
Ключова дума методика на преподаването
653 ## - Ключова дума – ненормативна
Ключова дума учебни помагала
659 ## - Тематичен бюлетин
Тематичен бюлетин Н
700 1# - Други автори (авторска отговорност)
Лично име Вълкова-Чурлина, Станка Костадинова
Автороска отговорност (Описва отношението между автора и произведението) *
9 (RLIN) 368477
700 1# - Други автори (авторска отговорност)
Лично име Василева, Бонка Димитрова
Автороска отговорност (Описва отношението между автора и произведението) съавт.
9 (RLIN) 306871
852 ## - Местоположение
Форматна сигнатура Цб 251144
856 4# - Електронен адрес и достъп
Електронен формат pdf - файл
Път до файла /url/
856 4# - Електронен адрес и достъп
Електронен формат pdf - файл
Път до файла /url/
942 ## - АРТИКУЛИ
Вид на библиотечния материал Книги
Скрит в OPAC Не
Koha issues (borrowed), all copies 1
944 ## - СЪЗДАВАНЕ И РЕДАКЦИЯ на ЗАПИСА
Създаване/Редакция Създаване
Дата на регистрацията/редакция 15.03.2011
Статус, дата на статуса Цветелина Шанова
Служител, извършил регистрацията/редакцията 30531
944 ## - СЪЗДАВАНЕ И РЕДАКЦИЯ на ЗАПИСА
Създаване/Редакция Редакция
Дата на регистрацията/редакция 19.03.2013
Статус, дата на статуса ф /
Служител, извършил регистрацията/редакцията
999 ## - СИСТЕМНИ КОНТРОЛНИ НОМЕРА
Koha biblionumber 96631
Koha biblioitemnumber 96631
Наличности
Код за отписване Код за изгубен артикул Код за повреда Коз за рестрикции Код за отдаване Артикулен № Име на библиотеката - собственик Име на библиотеката, в която се намира в момента Статус (Текущо местоположение) Дата на вписване в системата Местоположение - отдел Цена в лева Инвентарен номер Систематично азбучна сигнатура Баркод Номер на екземпляра Цена в евро Служебна бележка Служебен тип на артикула Източник на класификационната схема
  Не е изгубен Не е повреден без рестрикции ползва се в читалня 155070 Регионална библиотека "Любен Каравелов" Русе Регионална библиотека "Любен Каравелов" Русе Хранилище 2011-03-14 Хранилище 5.00 120000749698 Цб 251144 120000749698 1 2.56 Дост: Dp Вид: Д N: 26 Дата: 30.06.2010 Книги  
  Не е изгубен Не е повреден без рестрикции заемане за дома 155071 Регионална библиотека "Любен Каравелов" Русе Регионална библиотека "Любен Каравелов" Русе Заемна - подръчен фонд 2012-11-26 Заемна - подръчен фонд 5.00 120000761600 373.3.016:821/В 93 С 120000761600 2 2.56 Дост: Pk Вид: Ф N: 322 Дата: 19.11.2012 Дата инв: 07.02.2018 Бележки инв: П2018 Книги Universal Decimal Classification
Vip Innovations Ltd, Rousse, Bulgaria 2025